Catálogo
 En Linea

Lecturas sobre el sector externo de la economía colombiana : (Registro nro. 11640)

Detalles MARC
000 -CABECERA
campo de control de longitud fija 02138cam a2200421 a 4500
001 - NÚMERO DE CONTROL
campo de control 000011970
005 - FECHA Y HORA DE LA ÚLTIMA TRANSACCIÓN
campo de control 20200929162635.0
008 - DATOS DE LONGITUD FIJA--INFORMACIÓN GENERAL
campo de control de longitud fija 830624s1982 ck b 100 0 spa
035 ## - NÚMERO DE CONTROL DEL SISTEMA
Número de control de sistema (DLC) 83165486
040 ## - FUENTE DE LA CATALOGACIÓN
Centro catalogador/agencia de origen DO-SdBNP
Centro/agencia transcriptor DLC
Centro/agencia modificador DLC
-- MoSU-L
050 00 - SIGNATURA TOPOGRÁFICA DE LA BIBLIOTECA DEL CONGRESO
Número de clasificación HF3422
Número de documento/Ítem .L42 1982
082 ## - NÚMERO DE LA CLASIFICACIÓN DECIMAL DEWEY
Número de clasificación 382/.09861
Número de documento/Ítem 19
049 ## - FONDOS LOCALES (OCLC)
Fondos de biblioteca BNGR
245 00 - MENCIÓN DE TÍTULO
Título Lecturas sobre el sector externo de la economía colombiana :
Resto del título selección de documentos /
Mención de responsabilidad, etc. contribuciones Javier Ballesteros Mejía ... [et al. ; Javier Ballesteros Mejía, editor].
260 ## - PUBLICACIÓN, DISTRIBUCIÓN, ETC.
Lugar de publicación, distribución, etc. Bogotá :
Nombre del editor, distribuidor, etc. Facultad de Ciencias Económicas y Administrativas, Pontificia Universidad Javeriana,
Fecha de publicación, distribución, etc. 1982.
300 ## - DESCRIPCIÓN FÍSICA
Extensión 189 p. ;
Dimensiones 24 cm.
500 ## - NOTA GENERAL
Nota general "El presente libro recoge los documentos y ponencias que formaron parte del Seminario Internacional sobre el Sector Externo de la Economia Colombiana, organizado por la Facultad de Ciencias Económicas y Administrativas de la Universidad Javeriana y que tuvo lugar en la sede de la universidad en julio de 1982."--P. i.
504 ## - NOTA DE BIBLIOGRAFÍA, ETC.
Nota de bibliografía, etc. Incluye referencias bibliográficas.
651 #0 - PUNTO DE ACCESO ADICIONAL DE MATERIA--NOMBRE GEOGRÁFICO
Nombre geográfico Colombia
Subdivisión general Commerce
-- Congresses.
9 (RLIN) 28249
651 #0 - PUNTO DE ACCESO ADICIONAL DE MATERIA--NOMBRE GEOGRÁFICO
Nombre geográfico Colombia
Subdivisión general Foreign Economic Relations
-- Congresses.
9 (RLIN) 28250
630 00 - PUNTO DE ACCESO ADICIONAL DE MATERIA--TÍTULO UNIFORME
Título uniforme Cartagena Agreement
Fecha de la firma de un tratado (1969)
Subdivisión general Congresses.
9 (RLIN) 28251
700 1# - PUNTO DE ACCESO ADICIONAL--NOMBRE DE PERSONA
Nombre de persona Ballesteros Mejia, Javier,
Término indicativo de función/relación ed.
9 (RLIN) 28252
700 1# - PUNTO DE ACCESO ADICIONAL--NOMBRE DE PERSONA
Nombre de persona Botero de los Ríos, Germán .
9 (RLIN) 28253
700 1# - PUNTO DE ACCESO ADICIONAL--NOMBRE DE PERSONA
Nombre de persona Ezcurra, Enrique.
9 (RLIN) 28254
700 1# - PUNTO DE ACCESO ADICIONAL--NOMBRE DE PERSONA
Nombre de persona Gómez Buendía, Hernando.
9 (RLIN) 28255
700 1# - PUNTO DE ACCESO ADICIONAL--NOMBRE DE PERSONA
Nombre de persona Low, Patrich.
9 (RLIN) 28256
700 1# - PUNTO DE ACCESO ADICIONAL--NOMBRE DE PERSONA
Nombre de persona LLorente, Rodrigo.
9 (RLIN) 28257
700 1# - PUNTO DE ACCESO ADICIONAL--NOMBRE DE PERSONA
Nombre de persona Mauthner, Martin.
9 (RLIN) 28258
700 1# - PUNTO DE ACCESO ADICIONAL--NOMBRE DE PERSONA
Nombre de persona Melo Guevara, Gabriel.
9 (RLIN) 28259
700 1# - PUNTO DE ACCESO ADICIONAL--NOMBRE DE PERSONA
Nombre de persona Méndez Munnévar, Jorge.
9 (RLIN) 28260
700 1# - PUNTO DE ACCESO ADICIONAL--NOMBRE DE PERSONA
Nombre de persona Pérez Palacio, Francisco.
9 (RLIN) 28261
700 1# - PUNTO DE ACCESO ADICIONAL--NOMBRE DE PERSONA
Nombre de persona Power, Alejandro.
9 (RLIN) 28262
700 1# - PUNTO DE ACCESO ADICIONAL--NOMBRE DE PERSONA
Nombre de persona Ramírez Acampo, Augusto.
9 (RLIN) 28263
700 1# - PUNTO DE ACCESO ADICIONAL--NOMBRE DE PERSONA
Nombre de persona Rojas Llorente, Alfonso.
9 (RLIN) 28264
700 1# - PUNTO DE ACCESO ADICIONAL--NOMBRE DE PERSONA
Nombre de persona Ricardo Villaveces.
9 (RLIN) 28265
710 1# - PUNTO DE ACCESO ADICIONAL--NOMBRE DE ENTIDAD CORPORATIVA
Nombre de entidad corporativa o nombre de jurisdicción como elemento de entrada Pontificia Universidad Javeriana.
Unidad subordinada Facultad de Ciencias Económicas y Administrativas,
9 (RLIN) 28266
711 1# - PUNTO DE ACCESO ADICIONAL--NOMBRE DE REUNIÓN/CONGRESO
Nombre de congreso/reunión o jurisdicción como elemento de entrada Seminario Internacional sobre el Sector Externo de la Economía Colombiana
Fecha del congreso/reunión (1982 :
Sede del congreso/Lugar de la reunión Universidad Javeriana)
9 (RLIN) 28267
Existencias
Estado de retiro Estado de pérdida Restricciones de uso No para préstamo Código de colección Localización permanente Ubicación/localización actual Ubicación en estantería Fecha de adquisición Número de inventario Total de préstamos Signatura topográfica completa Código de barras Fecha visto por última vez Precio válido a partir de Tipo de ítem Koha
    Préstamo interno   Monografías: Libros y Folletos General General En catalogación 02.11.2009 LF1   382/.09861 19 11970-10 25.06.2020 25.06.2020 Préstamo interno

Con tecnología Koha